Rovnováha na trhu tovarov a služieb bakalárska práca

Salvato in:
Dettagli Bibliografici
Autore principale: Ivantsiv, Yurii
Ente Autore: Fakulta podnikového manažmentu EU. Katedra podnikovohospodárska
Altri autori: Grisáková, Nora, 1978-
Natura: Libro
Lingua:slovacco
Pubblicazione: Bratislava 2024
Tags: Aggiungi Tag
Nessun Tag, puoi essere il primo ad aggiungerne!!

MARC

LEADER 00000nbm a2200000 4500
001 0301884
005 20250206091651.3
041 0 |a slo 
044 |a SK 
245 1 0 |a Rovnováha na trhu tovarov a služieb  |b bakalárska práca  |c Yurii Ivantsiv ; školiteľ: Nora Grisáková 
264 1 |a Bratislava  |c 2024 
300 |a 44 s. 
100 1 |a Ivantsiv, Yurii 
700 1 |a Grisáková, Nora, 1978- 
710 2 |a Fakulta podnikového manažmentu EU. Katedra podnikovohospodárska